Jocs populars : i tu, a què jugues? / Imma Marín i tu, a què jugues? / Imma Marín
Descripción Física:
88 p. ; 22 cm
Colección:
Temes d'infància ; 23
Materias:
Jocs
MARC
| LEADER | 00000nam a2200000Ia 4500 | ||
|---|---|---|---|
| 001 | 10791 | ||
| 008 | 160829s1994 xx 000 0 cat d | ||
| 080 | |a E-1-199 | ||
| 100 | |a Marín, Imma |9 29150 | ||
| 245 | |a Jocs populars : |b i tu, a què jugues? / Imma Marín | ||
| 260 | |a Barcelona : |b Diputació de Barcelona : |b Associació de Mestres Rosa Sensat, |c 1994 | ||
| 300 | |a 88 p. ; |c 22 cm | ||
| 490 | |a Temes d'infància ; 23 | ||
| 650 | |a Jocs |9 40857 | ||
| 710 | 1 | |a Barcelona (Catalunya : Província). |b Diputació |9 52408 | |
| 710 | 2 | |a Rosa Sensat (Associació) |9 54183 | |
| 901 | |a Arxiu | ||
| 942 | |n 1 | ||
| 952 | |0 0 |1 0 |4 0 |6 E1199 |7 1 |9 45078 |a Arxiu |b Arxiu |d 2016-12-01 |l 0 |o E-1-199 |p 10791 |r 2016-12-01 00:00:00 |w 2016-12-01 |y ARXIU | ||
| 999 | |c 47698 |d 47698 | ||